MARC details
| 000 -LEADER |
| fixed length control field |
01581nam a2200313 i 4500 |
| 003 - CONTROL NUMBER IDENTIFIER |
| control field |
CSPC |
| 005 - DATE AND TIME OF LATEST TRANSACTION |
| control field |
20250210101733.0 |
| 008 - FIXED-LENGTH DATA ELEMENTS--GENERAL INFORMATION |
| fixed length control field |
250206s2000 nyu b 001 0 eng d |
| 020 ## - INTERNATIONAL STANDARD BOOK NUMBER |
| International Standard Book Number |
9780316679077 |
| 040 ## - CATALOGING SOURCE |
| Transcribing agency |
CSPC |
| Original cataloging agency |
CSPC |
| Language of cataloging |
eng |
| Description conventions |
rda |
| 050 04 - LIBRARY OF CONGRESS CALL NUMBER |
| Classification number |
HM1033 |
| Item number |
.G53 2000 |
| 082 04 - DEWEY DECIMAL CLASSIFICATION NUMBER |
| Classification number |
302 |
| Item number |
G455t |
| 100 1# - MAIN ENTRY--PERSONAL NAME |
| Personal name |
Gladwell, Malcolm, |
| Relator term |
author. |
| 245 14 - TITLE STATEMENT |
| Title |
The tipping point : |
| Remainder of title |
how little things can make a big difference / |
| Statement of responsibility, etc. |
Malcolm Gladwell. |
| 264 #1 - PRODUCTION, PUBLICATION, DISTRIBUTION, MANUFACTURE, AND COPYRIGHT NOTICE |
| Place of production, publication, distribution, manufacture |
New York : |
| Name of producer, publisher, distributor, manufacturer |
Back Bay Books/Little, Brown and Company, |
| Date of production, publication, distribution, manufacture, or copyright notice |
2000. |
| 300 ## - PHYSICAL DESCRIPTION |
| Extent |
280 pages ; |
| Dimensions |
17 cm. |
| 336 ## - CONTENT TYPE |
| Content type term |
text |
| Source |
rdacontent |
| 337 ## - MEDIA TYPE |
| Media type term |
unmediated |
| Source |
rdamedia |
| 338 ## - CARRIER TYPE |
| Carrier type term |
volume |
| Source |
rdacarrier |
| 504 ## - BIBLIOGRAPHY, ETC. NOTE |
| Bibliography, etc. note |
Includes bibliographical references and index. |
| 505 0# - FORMATTED CONTENTS NOTE |
| Formatted contents note |
Introduction -- The three rules of epidemics -- The law of the few: connectors, mavens, and salesmen -- The stickiness factor: sesame street, blue's clues, and the educational virus -- The power of context (part one): Bernie Goetz and the rise and fall of New York City crime -- The power of context (part two): the magic number one hundred and fifty -- Case study: rumors, sneakers, and the power of translation -- Case study: suicide, smoking, and the search for unsticky cigarette -- Conclusion: focus, test, and believe. |
| 650 #4 - SUBJECT ADDED ENTRY--TOPICAL TERM |
| Topical term or geographic name entry element |
Social change. |
| 650 #4 - SUBJECT ADDED ENTRY--TOPICAL TERM |
| Topical term or geographic name entry element |
Social psychology. |
| 650 #4 - SUBJECT ADDED ENTRY--TOPICAL TERM |
| Topical term or geographic name entry element |
Contagion (Social psychology). |
| 650 #4 - SUBJECT ADDED ENTRY--TOPICAL TERM |
| Topical term or geographic name entry element |
Causation. |
| 650 #4 - SUBJECT ADDED ENTRY--TOPICAL TERM |
| Topical term or geographic name entry element |
Context effects (Psychology). |
| 942 ## - ADDED ENTRY ELEMENTS (KOHA) |
| Source of classification or shelving scheme |
Dewey Decimal Classification |
| Suppress in OPAC |
No |
| Koha item type |
Books |
| Classification part |
302 |
| Call number prefix |
CIR |
| Call number suffix |
2000 |